000 00723cab a2200229 4500
001 ABS41936
008 090401t1989 xxu||||| |||| 00| 0 eng d
035 _a(Sirsi) u33581
041 _aeng
100 _aSetterfield, D.
245 _aBe prepared to meet the unexpected
260 _c1989
350 _a0
490 _aConstruction Repair
_v3(10) December 1989, 18-19(2)
520 _aConsiders the problems of site assessment of deteriorating reinforced concrete structures. The problems of testing for cracking and corrosion are discussed.
650 _aCARBONATION
650 _aCHLORIDE
650 _aDETERIORATION
690 _aBUILT ENVIRONMENT-BUILDING PATHOLOGY
942 _n0
948 _c04/03/1997
999 _c22414
_d22414